LIBRARY & INFORMATION CENTRE, KCAET, TAVANUR

ONLINE PUBLIC ACCESS CATALOGUE (OPAC)

Programming in ANSI C / (Record no. 15420)

MARC details
000 -LEADER
fixed length control field 00328cam a2200133ua 4500
020 ## - INTERNATIONAL STANDARD BOOK NUMBER
ISBN 9789339219664
082 ## - DEWEY DECIMAL CLASSIFICATION NUMBER
Classification number 005.133
Item number BAL/PR
100 ## - MAIN ENTRY--AUTHOR NAME
Personal name Balagurusamy, E .
245 ## - TITLE STATEMENT
Title Programming in ANSI C /
250 ## - EDITION STATEMENT
Edition statement 7
260 ## - PUBLICATION, DISTRIBUTION, ETC. (IMPRINT)
Place of publication Chennai :
Name of publisher Mc-Graw Hill Publishing Company ,
Year of publication 2017
300 ## - PHYSICAL DESCRIPTION
Number of Pages 563p ; .
942 ## - ADDED ENTRY ELEMENTS (KOHA)
Koha item type Books
Holdings
Withdrawn status Lost status Damaged status Collection code Home library Current library Shelving location Date acquired Source of acquisition Cost, normal purchase price Full call number Accession Number Koha item type
        KAUAET KAUAET General Stacks 31/03/2018 Aman Books, Calicut 410.00 005.133 BAL/PR 25628 Books
        KAUAET KAUAET General Stacks 31/03/2018 Aman Books, Calicut 410.00 005.133 BAL/PR 25629 Books
      Non-fiction KAUAET KAUAET General Stacks 24/05/2019     005.133 BAL/PR 25945 Books
      Non-fiction KAUAET KAUAET General Stacks 24/05/2019     005.133 BAL/PR 25946 Books
      Non-fiction KAUAET KAUAET General Stacks 24/05/2019     005.133 BAL/PR 25947 Books
      Non-fiction KAUAET KAUAET General Stacks 24/05/2019     005.133 BAL/PR 25948 Books
      Non-fiction KAUAET KAUAET General Stacks 24/05/2019     005.133 BAL/PR 25949 Books
      Non-fiction KAUAET KAUAET General Stacks 24/05/2019     005.133 BAL/PR 25950 Books
      Non-fiction KAUAET KAUAET General Stacks 24/05/2019     005.133 BAL/PR 25951 Books
      Non-fiction KAUAET KAUAET General Stacks 24/05/2019     005.133 BAL/PR 25952 Books
      Non-fiction KAUAET KAUAET General Stacks 24/05/2019     005.133 BAL/PR 25953 Books
      Non-fiction KAUAET KAUAET General Stacks 24/05/2019     005.133 BAL/PR 25954 Books
free website counter